01579 a2200241 45000010006000000050017000060080041000230030015000640400040000790800033001192450034001522500012001862640036001983000019002345050854002530410008011079420007011155900036011221000023011587000024011819990015012059520117012205407020260407155811.0260407a1976 arg spa dAR-UNSa-BCEJYS aAR-UNSa-BCEJYSbspacAR-UNSa-BCEJYS a330.101.541xMacroeconomía10aPrincipios de macroeconomía a2a. ed. 1aBuenos Aires :bEl Ateneoc1976 a184 p.c26 cm. a1. Introducción a la economía – 2. Las decisiones de carácter económico en una economía socialista – 3. La economía de mercado – 4. Oferta y demanda – 5. La economía de los Estados Unidos de América – 6. Medición de los ingresos y de la producción – 7. Ingreso Nacional – 8. Ingreso, precios y nivel de empleo – 9. Fluctuaciones del ingreso nacional – 10. Impuestos, presupuestos y política fiscal – 11. La oferta de dinero y los bancos – 12. La política monetaria – 13. El dinero y el ingreso – 14. Alto nivel de empleo y estabilidad de precios – 15. El sistema monetario mundial – 16. Comercio internacional – 17. Comercio y política económica – 18. Razones del crecimiento económico – 19. El crecimiento económico en la actualidad – 20. Los países de menor desarrollo (PDM). aspa cBK aniveau_biblio:m niveau_hierar:01 aReynolds, Lloyd G.1 aMichas, Nicholas A. c5338d5338 00104070aBCEJYSbBCEJYSc16d2026-04-07l0o330.101.541 R462 2ed.pL33167r2026-04-07 15:58:11w2026-04-07yL